Kings of Saudi Arabia - Statistics

General Stats
  • This quiz has been taken 751 times
    670 since last reset
  • The average score is 5 of 7
Answer Stats
Hint Answer % Correct
a shrewd and cautious king who toed the line between conservatism and reform, quietly maintaining the status quo during the Arab Spring. Abdullah
87%
the youngest of the sons of the first king; he assumed the throne in 2015 at the spry young age of 79 Salman
86%
immensely popular for hating Jews and driving up the price of oil; assassinated for introducing television and schools for women Faisal
77%
oversaw construction of the causeway between Saudi Arabia and Bahrain Fahad
75%
patriarch and original king; conquered Riyadh with 40 friends and some pointy sticks AbdulAziz
74%
nearly bankrupted the country; sent into exile Saud
74%
popular successor of the former who oversaw a period of growth and prosperity Khalid
53%
No matching quizzes found
Score Distribution
Percent of People with Each Score
Percentile by Number Answered
Your Score History
You have not taken this quiz since the last reset